Statystyki dla Kraje najbliższe Burundi - jednominutowy sprint

Kliknij tutaj aby rozwiązać quiz!

Ogólne statystyki

  • Ten quiz został rozwiązany 23 razy
  • Średni wynik to 11 z 20

Statystyki odpowiedzi

kmkraj% Poprawnych
0Tanzania
89%
95Uganda
89%
0Dem Rep Konga
84%
0Rwanda
79%
419Kenia
74%
1279Kongo
74%
977Mozambik
68%
652Malawi
63%
1342Sudan
58%
1155Somalia
53%
922Angola
47%
864Republika
Środkowoafrykańska
47%
655Sudan Południowy
47%
977Etiopia
42%
428Zambia
42%
1246Zimbabwe
42%
1560Botswana
37%
1621Czad
37%
1515Kamerun
32%
1547Namibia
26%

Rozkład punktacji

Percentyl według liczby udzielonych odpowiedzi

Procent ludzi z każdym wynikiem

Twoja historia wyników

Nie rozwiązałeś tego quizu